Olympiasieger im Springreiten (Mannschaft) - Statistiken

Allgemein
  • Dieses Quiz wurde 171 mal gespielt
    68 seit der letzten Aktualisierung
  • Das Durchschnittsergebnis liegt bei 23 aus 25
Antwortstatistiken
Jahr Austragungsort Goldmedaille % Korrekt
1972 München BR Deutschland
100%
1936 Berlin Deutsches Reich
100%
1956 Stockholm* Deutschland
100%
1960 Rom Deutschland
100%
1964 Tokio Deutschland
100%
1988 Seoul Deutschland
100%
1996 Atlanta Deutschland
100%
2000 Sydney Deutschland
100%
1952 Helsinki Großbritannien
98%
2012 London Großbritannien
98%
2024 Paris Großbritannien
98%
1984 Los Angeles Vereinigte Staaten
98%
2004 Athen Vereinigte Staaten
98%
2008 Peking Vereinigte Staaten
98%
1976 Montreal Frankreich
95%
2016 Rio de Janeiro Frankreich
95%
1992 Barcelona Niederlande
92%
1912 Stockholm Schweden
89%
1920 Antwerpen Schweden
89%
1924 Paris Schweden
89%
2020 Tokio Schweden
89%
1980 Moskau Sowjetunion
82%
1968 Mexiko City Kanada
77%
1928 Amsterdam Spanien
70%
1948 London Mexiko
49%
Keine übereinstimmenden Quizze gefunden
Verteilung der Resultate
Anzahl Personen mit jedem Resultat
Perzentil nach korrekt beantworteten Fragen
Ihre Resultats-Entwicklung
Sie haben dieses Quiz seit der letzten Aktualisierung nicht gespielt